00758nam a2200229Ia 450000500170000000800410001702000150005804100080007308200170008110000270009824500810012525000220020630000420022865000300027065000380030065000300033826400370036833600270040533700330043233800280046504000350049320220316235717.0121119s2003 sp gr 000 0 spa  a84973212430 aspa04a641.7 bP69T1 aPozuelo Talavera, Juan10aTécnicas culinariascJuan Pozuelo Talavera, Miguel Ángel Pérez Pérez aPrimera edición a201 páginas bilustraciones c30 cm14aRecetarios (Cocina)2LEMB14aConservación de alimentos2LEMB14aCocina xTécnicas2LEMB aMadrid bThomson-Paraninfoc2003 atextobtxt2rdacontent asin mediaciónbn2rdamedia avolumenbnc2rdacarrier aCO-BoRNBPbspaerdacCO-BoRNBP